Score 0/14 Timer 06:00
0 Plays Today
Question Answer Wrong Answers
Book
What religious book has been translated into the most languages?
The Bible
94.7%
The Qur'an
3.7%
Bhagavad Gita
0.7%
Book of Mormon
0.7%
Play
In Waiting for Godot, when does Godot arrive?
Never
80.1%
End of Act I
5.6%
Beginning of Act II
4.9%
End of Act II
6.5%
A Song of Ice and Fire
The Others can be killed by weapons made of what material?
Dragonglass
74.3%
Ebony
4.2%
Silver
11.3%
Wolfstooth
10%
Percy Jackson
Who is Percy Jackson's father?
Poseidon
72.5%
Apollo
12.7%
Hermes
7.6%
Ares
4.9%
Children's Books
In the Winnie-the-Pooh stories, which character was NOT created by A.A.Milne, but rather by Disney, for use in its animated features?
Gopher
65%
Owl
8.1%
Rabbit
4.9%
Tigger
21.3%
The Hunger Games
The Quarter Quell occurs in which novel?
Catching Fire
62.3%
The Hunger Games
18.5%
Mockingjay
18.5%
Novel
What was Stephen King's first published novel?
Carrie
61.8%
The Shining
8.3%
Firestarter
15.5%
Cujo
12.3%
Lord of the Rings
Which of these characters survives the trilogy?
Faramir
58.8%
Gollum
16.4%
Theoden
19.4%
Saruman
3.9%
Harry Potter
Which Harry Potter novel sold the most copies?
Sorcerer's Stone
51.6%
Deathly Hallows
31.7%
Half-Blood Prince
5.8%
Chamber of Secrets
10.2%
Literary Characters
Uriah Heep is a character in which Dickens novel?
David Copperfield
51.4%
Great Expectations
19.2%
Oliver Twist
13%
A Tale of Two Cities
15.5%
Author
Which of these fiction authors has had the most volumes sold?
Agatha Christie
49.1%
J.K.Rowling
28.9%
Danielle Steel
6.7%
Stephen King
15%
Poem
Which of these lines is NOT in iambic pentameter?
Hang a lantern aloft in the belfry-arch
42.1%
When I do count the clock that tells the time
18.1%
I love thee to the depth and breadth and height
17.8%
Of that forbidden tree whose mortal taste
18.8%
Shakespeare
This parody of Shakespeare's plays is found in what novel?
To be or not to be; that is the bare bodkin
That makes calamity of so long life;
The Adventures of Huckleberry Finn
38.9%
Breakfast of Champions
20.8%
Portnoy's Complaint
27.5%
Lucky Jim
9.5%
Young Adult
In the Divergent trilogy, in what faction was Tris Prior raised?
Abnegation
38.4%
Candor
13.9%
Erudite
14.8%
Dauntless
29.6%
Remove Ads.
Support Sporcle.
Get the best of Sporcle when you Go Orange. This ad-free experience offers more features, more stats, and more fun while also helping to support Sporcle. Thank you for becoming a member.

You're not logged in!

Compare scores with friends on all Sporcle quizzes.
OR
Log In

Sporcle TV

Today on Sporcle TV


Watch our educational content, quiz creation guides, and fun videos on Sporcle TV.

Show Comments

Extras

Top Quizzes Today


Score Distribution

Paid Content

Your Account Isn't Verified!

In order to create a playlist on Sporcle, you need to verify the email address you used during registration. Go to your Sporcle Settings to finish the process.

Report this User

Report this user for behavior that violates our Community Guidelines.

Details: